| 000 | 00986nam a2200229 a 4500 | ||
|---|---|---|---|
| 008 | 120416s1984 ||||||||||||||||| || u | ||
| 020 | _a0521317088 | ||
| 050 | _aGF 41 Mas | ||
| 100 | _aAllen, John | ||
| 245 | 1 | 0 |
_aGeography matters!: a reader _cedited by Doreen Massey |
| 260 |
_aCambridge _bCUP _c1984 |
||
| 300 | _avi, 204p. : ill. | ||
| 350 | _a0.00 | ||
| 650 | _aGEOGRAPHY | ||
| 650 | _aGEOGRAPHY--STUDY AND TEACHING | ||
| 700 | _aMassey, Doreen | ||
| 856 | _uhttp://www.loc.gov/catdir/samples/cam031/84016969.html | ||
| 856 | _uhttp://www.loc.gov/catdir/description/cam022/84016969.html | ||
| 856 | _uhttp://www.loc.gov/catdir/toc/cam021/84016969.html | ||
| 995 |
_aMAIN LIBRARY OPEN ACCESS _D0.00 _e728214 _FCBU-MAIN LIBRARY (Kitwe) _H2 _I9.95 _jGF 41 Mas _M2 _UAVAILABLE _y025835 _ZMain Library Open Access Collection |
||
| 995 |
_aMAIN LIBRARY OPEN ACCESS _D0.00 _e729062 _FCBU-MAIN LIBRARY (Kitwe) _H1 _I9.95 _jGF 41 Mas _M1 _UAVAILABLE _y021046 _ZMain Library Open Access Collection |
||
| 999 |
_c75858 _d75858 |
||